000 00264nam a2200109Ia 4500
008 220204s9999 xx 000 0 und d
082 _a82-3
_bKAT
100 _aKatz, Joseph
245 4 _aThe Portable Stephen Crane
260 _aEngland
_bPenguin
_c1979
942 _cBK
999 _c33064
_d33064